000 00640nam a22002177a 4500
005 20230201070343.0
008 230201b |||||||| |||| 00| 0 eng d
020 _a978-0-439-02351-1
082 _aFic. C713 2010
100 _aCollins, Suzanne
_eauthor
245 _aMockingjay /
_cSuzanne Collins
260 _aNew York:
_bScholastic,
_cc2010
300 _a398p.
490 _aHunger games trilogy; bk3
541 _e5493
650 _aEverdeen, Katnis (Fictitious character) - Fiction
650 _aInsurgency - Fiction
650 _aSurvival - Fictiona
650 _aInterpersonal relations - Fiction
650 _aContests - Fiction
999 _c833
_d833